000
00322nam a22001457a 4500
008
221122b ||||| |||| 00| 0 eng d
020
_a
9781455745913
041
_a
eng
080
_2
FOURTH EDITION
_a
616
082
_a
616GOO
100
_a
14.2
101
_a
PATH
245
_a
PATHOLOGY
_c
GOODMAN C.C
942
_2
udc
_c
BK
999
_c
59002
_d
59002